• 首页
  • 本馆介绍
  • 公告通知
  • 最新文献
  • 馆藏检索
  • 电子资源
  • 读者导购
  • 参考咨询
  • 我的图书馆
  • 登录
  • 详细信息显示
  • 放入我的书架
  • 预约/预借图书
  • 作者相关作品
  • 分类相关作品
  • 丛书相关作品
  • 出版社相关作品

书目信息

  • 表格格式
  • 工作单格式
  • 卡片格式
题名:
养育健康的孩子
    
 
作者: 米勒 著 ;郭舫 , 黄邦福 译
分册:  
出版信息: 北京   九州出版社  2017.01
页数: 197页
开本: 21cm
丛书名:
单 册:
中图分类: G78 , R174
科图分类:
主题词: 婴幼儿--ying you er--哺育 , 婴幼儿--ying you er--保健 , 教育--类型
电子资源:
ISBN: 978-7-5108-4375-4
000 01595nam0 2200337 450
001 CAL 0120162078784
005 20171228104909.24
010    @a978-7-5108-4375-4@b@dCNY26.00
100    @a20170221d2017 em y0chiy50 ea
101 1  @achi@ceng
102    @aCN@b110000
105    @ay a 000yy
106    @ar
200 1  @a养育健康的孩子@Ayang yu jian kang de hai zi@f(美) 布鲁斯·米勒著@d= Raising disease free kids@fBruce Miller@g郭舫, 黄邦福译@zeng
210    @a北京@c九州出版社@d2017.01
215    @a197页@c@d21cm
314    @a布鲁斯·米勒, 在纽约大学所做的博士后项目, 涵盖临床学与营养学方面的研究, 主要关注的是老年人的营养问题。米勒博士是莱纳斯·鲍林科学医学研究院院士、肯尼斯?库伯博士有氧运动中心特许会员、国际预防医学会会员、国际应用营养学会会员、饮食分析中心创建人、美国跑步与健康协会顾问。
320    @a有书目 (第184-187页)
330    @a本书用浅显易懂的语言, 告诉父母们: 要想养育不生病的孩子、抵御与饮食相关的各种疾病, 就必须从小改变孩子的生活方式和饮食习惯。你需要在孩子的习惯形成期教育孩子养成健康的饮食习惯和生活方式, 因为疾病不是一夜之间就发生的。趁你的孩子还健康、尚未出现健康危机, 就要采取措施加以预防。健康犹如金钱, 失去了, 我们才真正懂得它的价值。
500 10 @aRaising disease free kids@mChinese
606 0  @a婴幼儿@Aying you er@x哺育
606 0  @a婴幼儿@Aying you er@x保健
606 0  @a教育@x类型
690    @aG78@v5
690    @aR174@v5
701  1 @a米勒@Ami le@g(Miller, Bruce)@4著
702  0 @a郭舫@Aguo fang@4译
702  0 @a黄邦福@Ahuang bang fu@4译
801  0 @aCN@b人天书店@c20170221@g
905    @aBZT@dG78@e296
906    @dCNY26.00@n3@r1
    
    养育健康的孩子/(美) 布鲁斯·米勒著= Raising disease free kids/Bruce Miller/郭舫, 黄邦福译.-北京:九州出版社,2017.01
    197页;21cm
    
    
    ISBN 978-7-5108-4375-4:CNY26.00
    本书用浅显易懂的语言, 告诉父母们: 要想养育不生病的孩子、抵御与饮食相关的各种疾病, 就必须从小改变孩子的生活方式和饮食习惯。你需要在孩子的习惯形成期教育孩子养成健康的饮食习惯和生活方式, 因为疾病不是一夜之间就发生的。趁你的孩子还健康、尚未出现健康危机, 就要采取措施加以预防。健康犹如金钱, 失去了, 我们才真正懂得它的价值。
●
相关链接 在五车中查询图书 在当当中查询图书 在豆瓣中查询图书


正题名:养育健康的孩子     索取号:G78/296         预约/预借

序号 登录号 条形码 馆藏地/架位号 状态 备注
1 838338   2000838338   第二书库/ [索取号:G78/296] 在馆    
2 838339   2000838339   第二书库/ [索取号:G78/296] 在馆    
3 838340   2000838340   第二书库/ [索取号:G78/296] 在馆    
山东省滨州职业学院图书馆 欢迎您!
大连网信软件有限公司© 版权所有